000
00272nam a22001337a 4500
003
SGT
082
_a
341.48,VER
100
_a
VERMA,R.S
245
_a
HUMAN RIGHTS
260
_a
DELHI
_b
INDIAN PUBLICATION
_c
2000
300
_a
632
650
_a
HUMAN RIGHTS
942
_2
ddc
_c
BK
999
_c
9686
_d
9686